Cách mạng công nghiệp lần thứ tư
Tên sách tiếng Anh: The fourth industrial revolution; Tổng quan về cách mạng công nghiệp lần thứ tư; các công nghệ chủ chốt mang tính chuyển đổi. Nghiên cứu tác động của cách mạng công nghiệp tới nền kinh tế, tới doanh nghiệp, quốc gia, toàn câ...
שמור ב:
| מחבר ראשי: | |
|---|---|
| מחברים אחרים: | |
| פורמט: | ספר |
| שפה: | Undetermined |
| יצא לאור: |
H.
Thế giới; Công ty Sách Thái Hà
2018
|
| נושאים: | |
| גישה מקוונת: | http://lrc.tdmu.edu.vn/opac/search/detail.asp?aID=2&ID=35678 |
| תגים: |
הוספת תג
אין תגיות, היה/י הראשונ/ה לתייג את הרשומה!
|
| Thư viện lưu trữ: | Trung tâm Học liệu Trường Đại học Thủ Dầu Một |
|---|
| LEADER | 01383nam a2200217Ia 4500 | ||
|---|---|---|---|
| 001 | TDMU_35678 | ||
| 008 | 210410s9999 xx 000 0 und d | ||
| 082 | |a 158.0835 | ||
| 090 | |b S100 | ||
| 100 | |a Schwab, Klaus | ||
| 245 | 0 | |a Cách mạng công nghiệp lần thứ tư | |
| 245 | 0 | |c Klaus Schwab; Bộ Ngoại giao (dịch, h.đ.) | |
| 260 | |a H. | ||
| 260 | |b Thế giới; Công ty Sách Thái Hà | ||
| 260 | |c 2018 | ||
| 300 | |a 279tr. | ||
| 520 | |a Tên sách tiếng Anh: The fourth industrial revolution; Tổng quan về cách mạng công nghiệp lần thứ tư; các công nghệ chủ chốt mang tính chuyển đổi. Nghiên cứu tác động của cách mạng công nghiệp tới nền kinh tế, tới doanh nghiệp, quốc gia, toàn cầu, xã hội và tới cá nhân. Đề xuất một số ý tưởng thực tiễn và giải pháp nhằm thích nghi, định hình và khai thác tiềm năng của cuộc cách mạng này một cách hiệu quả nhất | ||
| 650 | |a Cách mạng công nghiệp |x Tác động |x Kinh tế |x Xã hội | ||
| 700 | |a Bộ Ngoại giao | ||
| 856 | |u http://lrc.tdmu.edu.vn/opac/search/detail.asp?aID=2&ID=35678 | ||
| 980 | |a Trung tâm Học liệu Trường Đại học Thủ Dầu Một | ||